000 00611nam a22002177a 4500
003 UA-OsUOA
001 104270
007 ta
008 20131210b un ||||| |||| 00| 0 ukr d
100 _aВисочанський В.
090 _a330(477)
_bВ53
942 _cSA
040 _aUA-OsUOA
_bukr
_cUA-OsUOA
_dUA-OsUOA
245 _aНормалізація банківської діяльності
300 _aС.80-96
955 _a0
041 _aukr
080 _a330(477)
773 0 _w104269
_tБанківська справа
_dК.
_d2013
_g8
650 7 _a330 Економіка взагалі
_2UDC
999 _c389536
_d389536